|
|
|
|
| LEADER |
00000cam a2200000 7i4500 |
| 001 |
0000003470 |
| 005 |
20060327.0 |
| 020 |
0 |
0 |
|a 1859962246
|
| 090 |
0 |
0 |
|a 577.852
|b PLA
|
| 245 |
1 |
0 |
|a Plant microbiology
|c Michael Gillings and Andrew Holmes, editors.
|
| 260 |
0 |
0 |
|a London, UK
|a New York, N.Y. :
|b BIOS Scientific Publishers ,
|c 2004.
|
| 300 |
|
|
|a xiv, 290 p. :
|b ill. ;
|c 24 cm.
|
| 650 |
0 |
0 |
|a Plant-microbe relationships.
|
| 650 |
0 |
0 |
|a Plants
|x Microbiology.
|
| 650 |
0 |
0 |
|a Rhizobium.
|
| 700 |
1 |
1 |
|a Gillings, Michael.
|
| 700 |
1 |
1 |
|a Holmes, Andrew J.
|
| 999 |
|
|
|a 0000006558
|b Monograph
|c Open Shelf
|e Default branch
|